00963cam a22002655i 4500999001700000003000900017005001700026008004100043020001800084040004300102082002000145100003100165245004600196264005300242300002400295336002600319337002800345338002700373650004600400650004800446653002800494655001700522942001200539952014600551 c27618d27589EG-ScBUE20190915102939.0190915s2016 ii f d 000 0 eng d a9789380472591 aEG-ScBUEbengerdacEG-ScBUEdEG-ScBUE04a428.24bBAN2221 aBanerjee, Latika,eauthor.10aCommon English errors /cLatika Banerjee. aNew Delhi :bPacific Books International,c2016. a239 pages ;c22 cm. atextbtxt2rdacontent aunmediatedbn2rdamedia avolumebnc2rdacarrier 7aEnglish languagexErrors of usage.2BUEsh 7aEnglish languagexStudy and teaching2BUEsh bHHUUEENNcSeptember2019 vReading book 2ddccBB 00102ddc40708BaccahaMAINbMAINc2NDd2019-09-15ePurchaseg327.00l0o428.24 BANp000048060r2025-07-15 00:00:00v408.75w2019-09-15yBB